000 00305nam a2200121Ia 4500
008 220216s9999 xx 000 0 und d
100 _aTan A G
245 0 _aPolybag rubber I: Raw rubber properties
260 _bPlanters Bulletin
_c1991
300 _a15-Mar
650 _aPolybag collection
942 _cJS
999 _c65230
_d65230